000 00778pam a2200205 a 4500
001 4923349
005 20250628160357.0
008 950201s1995 mau b 001 0 eng
020 _a1565630513 (pbk.) :
_c$11.95
050 0 0 _aBS1199.S69
_bH55 1995
082 0 0 _a231/.3
_220
100 1 _aHildebrandt, Wilf.
245 1 3 _aAn Old Testament theology of the spirit of God /
_cWilf Hildebrandt.
260 _aPeabody, Mass. :
_bHendrickson Publishers,
_cc1995.
300 _axviii, 238 p. ;
_c22 cm.
650 0 _aHoly Spirit
_xBiblical teaching.
856 4 2 _3Publisher description
_uhttp://www.loc.gov/catdir/description/hend021/95002442.html
856 4 2 _3Contributor biographical information
_uhttp://www.loc.gov/catdir/enhancements/fy0706/95002442-b.html
942 _2lcc
_cBK
_n0
999 _c6774
_d6774